Регионална библиотека "Любен Каравелов" - Русе

Интерпретации на класически текстове от българската литература (Запис номер 11879)

MARC детайли
000 -Лидер
Контролно поле с фиксирана дължина nam a22 a 4500
003 - Код на организацията, давaща контролен номер
Контролно поле BLK
005 - Дата и час на последна редакция
Контролно поле 20230406030458.0
008 - Елементи от данни с фиксирана дължина
fixed length control field 180412b bul|||||r ||||||| ||bul||
010 ## - Наследен системен номер
LC control number KNG00013450000
020 ## - Международен стандартен номер на книга ISBN
Международен стандартен номер на книга ISBN 954-8164-05-1
040 ## - Източник на каталожния запис
Идентификатор на билиотеката - собственик на записа BLK
041 ## - Код за език
Код за езика на текст/звукозапис или на отделно заглавие Български
Код за езика КДБФ Български
080 ## - УДК
Текстов определител УДК Българска литература
УДК код - определител по УДК 821.163.2
УДК определител .09(07)
УДК - код + определител 821.163.2.09(07)
139 ## - Редно поле
Редна дума Интерпретации на класически текстове от българската литература
Авторски знак Инт - И 72
245 10 - Сведения за заглавието
Заглавие Интерпретации на класически текстове от българската литература
Подзаглавни данни В помощ на учители и ученици : Ч. 1 -
Редно поле (дума) авт. на том Румяна Йовева.
Том Ч. 1
257 ## - Страна на издаване
Страна на създаване/издаване България
260 ## - Област на издателските данни
Място на издаване, разпространение и проч. Шумен
Име на издателя, разпространителя и проч. ГЛАУКС
Година на издаване 1992 -
Печатница Русе : Дунав прес
9 (RLIN) 210012
Издателство - префикс ISBN 954-8164-05-1
300 ## - Физическа характеристика
Размери/Мащаб 20 см
Страници 97 с.
380 ## - Жанр
Жанр Литературознание
490 ## - СЕРИИ (Колекции)
Име на серия Нова литературна библиотека
9 (RLIN) 201162
650 #4 - Допълнително описание по предмет – тема
Основно описание – тема или топоним Българска литература
9 (RLIN) 243597
653 ## - Ключова дума – ненормативна
Ключова дума българска литература
700 1# - Други автори (авторска отговорност)
Лично име Йовева, Румяна
Автороска отговорност (Описва отношението между автора и произведението) авт. на том
Друга информация Никова, Румяна Йовева
9 (RLIN) 256980
760 1# - Описание на основната серия
Място на издаване, издател и година Глаукс, 1992
Страници - том 97 с.
Заглавие Ч. 1
852 ## - Местоположение
Форматна сигнатура Цб 170924
Фондова буква Хранилище
856 4# - Електронен адрес и достъп
Електронен формат pdf - файл
Път до файла /url/
Инструкция (цена за достъп) 0.00
Права за достъп disable
856 4# - Електронен адрес и достъп
Електронен формат pdf - файл
Път до файла /url/
Инструкция (цена за достъп) 0.00
Права за достъп disable
999 ## - СИСТЕМНИ КОНТРОЛНИ НОМЕРА
Koha biblionumber 11879
Koha biblioitemnumber 11879
942 ## - АРТИКУЛИ
Вид на библиотечния материал Книги
Скрит в OPAC Не
Периодичен библиозапис Да
944 ## - СЪЗДАВАНЕ И РЕДАКЦИЯ на ЗАПИСА
Създаване/Редакция Създаване
Дата на регистрацията/редакция 15.01.2003
Служител, извършил регистрацията/редакцията Людмила_Стоянова
944 ## - СЪЗДАВАНЕ И РЕДАКЦИЯ на ЗАПИСА
Създаване/Редакция Редакция
Дата на регистрацията/редакция 06.03.2006
999 ## - СИСТЕМНИ КОНТРОЛНИ НОМЕРА
Koha biblioitemnumber 11879
Наличности
Код за отписване Код за изгубен артикул Източник на класификационната схема Код за повреда Коз за рестрикции Код за отдаване Артикулен № Име на библиотеката - собственик Име на библиотеката, в която се намира в момента Статус (Текущо местоположение) Дата на вписване в системата Местоположение - отдел Цена в лева Инвентарен номер Систематично азбучна сигнатура Баркод Номер на екземпляра Цена в евро Служебна бележка Служебен тип на артикула
Изтеглен Не е изгубен Universal Decimal Classification Не е повреден без рестрикции заемане за дома 20607 Регионална библиотека "Любен Каравелов" Русе Регионална библиотека "Любен Каравелов" Русе Заемна - подръчен фонд 2002-10-21 Заемна - подръчен фонд 1.00 120000673029 П 886.7.09/И 72 120000673029 1 0.51 Дост: DA Вид: А N: 43 Дата: 21.10.2002 Дата инв: 07.02.2018 Бележки инв: П2018 Книги
  Не е изгубен Universal Decimal Classification Не е повреден без рестрикции ползва се в читалня 20608 Регионална библиотека "Любен Каравелов" Русе Регионална библиотека "Любен Каравелов" Русе Хранилище 1992-01-01 Хранилище 14.70 574826 Цб 170924 120000574826 2 7.52 Дост: Dp Вид: Д N: стар фонд Дата: 01.01.1992 Книги
Изтеглен Не е изгубен Universal Decimal Classification Не е повреден без рестрикции заемане за дома 20609 Регионална библиотека "Любен Каравелов" Русе Регионална библиотека "Любен Каравелов" Русе Заемна - подръчен фонд 1992-01-01 Заемна - подръчен фонд 14.70 573465 П 886.7.09/И 72 573465 3 7.52 Дост: Pk Вид: Ф N: стар фонд Дата: 01.01.1992 Книги
Изтеглен Не е изгубен Universal Decimal Classification Не е повреден без рестрикции заемане за дома 20610 Регионална библиотека "Любен Каравелов" Русе Регионална библиотека "Любен Каравелов" Русе Заемна - подръчен фонд 1992-01-01 Заемна - подръчен фонд 14.70 573466 П 886.7.09/И 72 573466 4 7.52 Дост: Pk Вид: Ф N: стар фонд Дата: 01.01.1992 Книги
  Не е изгубен Universal Decimal Classification Не е повреден без рестрикции заемане за дома 20611 Регионална библиотека "Любен Каравелов" Русе Регионална библиотека "Любен Каравелов" Русе Заемна - подръчен фонд 1992-01-01 Заемна - подръчен фонд 1.50 663265 821.163.2.09/И 72 120000663265 5 0.77 Дост: Pk Вид: Ф N: стар фонд Дата: 01.01.1992 Дата инв: 07.02.2018 Бележки инв: П2018 Книги
Vip Innovations Ltd, Rousse, Bulgaria 2025